000 00818cam a2200241 a 4500
001 150327
005 20180213032816.0
008 980811s1999 maua b 000 0 eng
010 _a 98087528
020 _a0312190638
040 _aDLC
_cDLC
_dDLC
041 _aeng
043 _an-us---
080 _a973.313
082 0 0 _a973.313 ELL
_221
100 _a16
101 _aHIS
245 0 0 _aWhat did the Declaration declare? /
_creadings selected and introduced by Joseph J. Ellis.
504 _aIncludes bibliographical references (p. 109-110).
906 _a7
_bcbc
_corignew
_d2
_eopcn
_f19
_gy-gencatlg
942 _2ddc
_cBK
999 _c42328
_d42328